000 00852nam a22002537a 4500
005 20150114144058.0
008 109142s2012 sp gd 000 0dspa d
020 _a9789586601917
040 _aCO-BoIAVH
_cCO-BoIAVH
041 _aspa
044 _ack
082 0 4 _a637.12
_bA55s2
100 1 _aAndrade-Becerra, Roy José
_926874
245 1 0 _aSanidad de ubre, calidad de leche /
_cAndrade Becerra Roy José ... [et al].
260 _aTunja :
_bEditorial UPTC,
_c2012.
300 _a170 p.
_bfot. (col)
_c24 cm.
490 _aColección Investigación UPTC
_v51
504 _aIncluye referencias bibliográficas (pag, 163-169
650 6 _aLeche
_xanálisis
_931473
650 6 _aBacteriología de la leche
_926881
700 1 _aRodriguez-Molano, Carlos Eduardo
_926882
700 1 _aPulido-Medellín, Martín Orlando
_926878
942 _2ddc
_cLIBRO
999 _c8690
_d8690